00389 a2200121 450000500170000002000180001708200150003524500590005026000380010930000410014770000150018885600640020320250621114148.0 a1 85339 561 7 a332.06 MIC aMicrofinance: Evaluation Achievements and Challenges. aLondon,bPractical Action,c2003. avii,182p.: ill.; figure, tablec23cm aHARPER, M. yAccess Online BookfMicrofinancedwww.itdgpublishing.org.uk